Mental Health Nursing: Solved Question Papers for MSc Nursing University Exams (Record no. 366897)

MARC details
000 -LEADER
fixed length control field 00507nam a22001697a 4500
005 - DATE AND TIME OF LATEST TRANSACTION
control field 20250614101220.0
008 - FIXED-LENGTH DATA ELEMENTS--GENERAL INFORMATION
fixed length control field 250602b |||||||| |||| 00| 0 eng d
020 ## - INTERNATIONAL STANDARD BOOK NUMBER
International Standard Book Number 978-93-94525-67-2
041 ## - LANGUAGE CODE
Language code of text/sound track or separate title English
082 ## - DEWEY DECIMAL CLASSIFICATION NUMBER
Classification number PS 610.7368 KAU DB1375
100 ## - MAIN ENTRY--PERSONAL NAME
Author Kaur Sukhbir
245 ## - TITLE STATEMENT
Title Mental Health Nursing: Solved Question Papers for MSc Nursing University Exams
260 ## - PUBLICATION, DISTRIBUTION, ETC.
Name of publisher, distributor, etc. CBS Publishers & Distributors Pvt. Ltd.
Place of publication, distribution, etc. New Delhi
Date of publication, distribution, etc. 2025
300 ## - PHYSICAL DESCRIPTION
Extent 536p
365 ## - TRADE PRICE
Price amount Rs.595.00
942 ## - ADDED ENTRY ELEMENTS (KOHA)
Koha item type Donated Book
Holdings
Withdrawn status Lost status Source of classification or shelving scheme Damaged status Not for loan Home library Current library Date acquired Net Price Bill number Full call number Barcode Date last seen Bill Date Koha item type Original Barcode
    Dewey Decimal Classification     Smt. Bakul Tambat Institute of Nursing Education Smt. Bakul Tambat Institute of Nursing Education 04/06/2025 595.00 IK#2025-26#550 PS 610.7368 KAU DB1375 BTIN-DB-1375 02/06/2025 04/06/2025 Donated Book DB1375